| Tag |
First Indicator |
Second Indicator |
Subfields |
| LEADER |
00000nam a2200000 i 4500 |
| 001 |
in00004726521 |
| 003 |
OCoLC |
| 006 |
m o d |
| 007 |
cr cnu---unuuu |
| 008 |
140929s2009 oru ob 000 0 eng d |
| 005 |
20250816191314.0 |
| 019 |
|
|
|a 1096230783
|
| 020 |
|
|
|a 9781630874476
|q (electronic bk.)
|
| 020 |
|
|
|a 1630874477
|q (electronic bk.)
|
| 020 |
|
|
|z 9781606081624
|
| 020 |
|
|
|z 1606081624
|
| 024 |
8 |
|
|a 99994069512
|
| 035 |
|
|
|a (OCoLC)891591351
|z (OCoLC)1096230783
|
| 040 |
|
|
|a N$T
|b eng
|e rda
|e pn
|c N$T
|d ALSTP
|d YDXCP
|d OCLCQ
|d RVA
|d WYU
|d AU@
|d OCLCF
|d SXB
|d OCLCQ
|
| 043 |
|
|
|a e-uk---
|
| 050 |
|
4 |
|a BR115.P7
|b M5345 2009
|
| 072 |
|
7 |
|a REL
|x 012110
|2 bisacsh
|
| 072 |
|
7 |
|a REL
|x 070000
|2 bisacsh
|
| 082 |
0 |
4 |
|a 261.7
|2 22
|
| 100 |
1 |
|
|a Milbank, John.
|
| 245 |
1 |
4 |
|a The future of love :
|b essays in political theology /
|c John Milbank.
|
| 264 |
|
1 |
|a Eugene, Or. :
|b Cascade Books,
|c [2009]
|
| 264 |
|
4 |
|c ©2009
|
| 300 |
|
|
|a 1 online resource ( xxii, 382 pages) :
|
| 336 |
|
|
|a text
|b txt
|2 rdacontent
|
| 337 |
|
|
|a computer
|b c
|2 rdamedia
|
| 338 |
|
|
|a online resource
|b cr
|2 rdacarrier
|
| 504 |
|
|
|a Includes bibliographical references (pages 371-382).
|
| 505 |
0 |
|
|a Divine logos and human communication : a recuperation of Coleridge -- Religion, culture, and anarchy : the attack on the Arnoldian vision -- What is living and what is dead in Newman's Grammar of Assent -- Were the "Christian socialists" socialists? -- The body by love possessed : Christianity and late capitalism in Britain -- On baseless suspicion : Christianity and the crisis of socialism -- Enclaves, or where is the church? -- On theological transgression -- The invocation of Clio -- Sovereignty, empire, capital, and terror -- Liberality versus liberalism -- Stale expressions : the management-shaped church -- The end of dialogue -- The conflict of the faculties : theology and the economy of the sciences -- Faith, reason, and imagination : the study of theology and philosophy in the twenty-first century -- Postmodern critical Augustinianism : a short Summa in forty-two responses to unasked questions -- The transcendality of the gift : a summary -- The future of love : a reading of Benedict XVI's encyclical Deus caritas est.
|
| 588 |
0 |
|
|a Print version record.
|
| 546 |
|
|
|a This edition in English.
|
| 650 |
|
0 |
|a Christianity and politics.
|
| 650 |
|
0 |
|a Political theology.
|
| 650 |
|
0 |
|a Christian sociology.
|
| 650 |
|
7 |
|a RELIGION
|x Christian Life
|x Social Issues.
|2 bisacsh
|
| 650 |
|
7 |
|a RELIGION
|x Christianity
|x General.
|2 bisacsh
|
| 650 |
|
7 |
|a Christian sociology.
|2 fast
|0 (OCoLC)fst00859530
|
| 650 |
|
7 |
|a Christianity and politics.
|2 fast
|0 (OCoLC)fst00859736
|
| 650 |
|
7 |
|a Political theology.
|2 fast
|0 (OCoLC)fst01069899
|
| 655 |
|
7 |
|a Electronic books.
|2 local
|
| 710 |
2 |
|
|a EBSCOhost
|
| 776 |
1 |
8 |
|i Print version:
|a Milbank, John.
|t Future of love
|z 9781606081624
|w (DLC) 2009280377
|w (OCoLC)297224089
|
| 856 |
4 |
0 |
|u http://proxy.library.tamu.edu/login?url=https://search.ebscohost.com/login.aspx?direct=true&scope=site&db=nlebk&db=nlabk&AN=855885
|z Connect to the full text of this electronic book
|t 0
|
| 945 |
|
|
|b 741125
|
| 955 |
|
|
|a YBP purchased firm e-records
|
| 980 |
|
|
|b usergen
|c 99994069512
|g 565750
|k USD
|m 40.48
|o Replacment for lost print copy
|q 1
|s AcqMono Conventional
|t Purchase at vendor system
|u Vendor order reference number
|v ZYBP
|y Selectors - electronic
|z Electronic resource
|
| 999 |
f |
f |
|i cfc6ee8a-8581-4df5-b31f-cb0e24f1b4d4
|s cfd318ca-cd66-41dc-9076-39fbccf84130
|t 0
|
| 952 |
f |
f |
|a Texas A&M University
|b College Station
|c Electronic Resources
|d Available Online
|t 0
|e BR115.P7 M5345 2009
|h Library of Congress classification
|
| 998 |
f |
f |
|a BR115.P7 M5345 2009
|t 0
|l Available Online
|